Glashüttenlandschaft Europa. - Regensburg : Schnell + Steiner. - 2008 [Rezension]
| Titel: | Glashüttenlandschaft Europa. - Regensburg : Schnell + Steiner. - 2008 [Rezension] |
|---|---|
| Verfasser: | |
| In: |
Frankenland, Band 62, Heft 2 (2010), Seite 140-141 alle Artikel anzeigen |
| Veröffentlicht: | 2010 |
| Format: | Aufsatz |
| Sprache: | Deutsch |
X
alg: 39493490 001A $01999:12-11-16 001B $01999:01-06-17 $t18:11:35.000 001D $01999:12-11-16 001U $0utf8 001X $00 002@ $0Aox 003@ $0394934903 007A $0394934903 $aHEB 007T $0Herdc0089576m 010@ $ager 011@ $a2010 021A $aGlashüttenlandschaft Europa. - Regensburg : Schnell + Steiner. - 2008 [Rezension] 028A $aWelzel $dJohanna 031A $d62 $e2 $h140-141 $j2010 039B $aIn $8--Abvc--. Frankenland. - Würzburg : Frankenbund, 1914-. - ISSN 0015-9905 $x201000000620002860 $9047701935 039T $8--Aau--. Glashüttenlandschaft Europa. - 1. Aufl.. - Regensburg : Schnell + Steiner, 2008. - 211 S.. - Ill., graph. Darst., Kt.. - ISBN 978-3-7954-2074-1 $9202673014 045T $a8,1 $a9,10 lok: 39493490 78 exp: 39493490 78 1 #EPN 201B/01 $018-11-16 $t13:11:34.000 201U/01 $0utf8 203@/01 $0791233480 208@/01 $a12-11-16 $be 209A/01 $a/ $f000 $x00 220C/01 $aTitelaufnehmer: pg 220C/01 $aHerkunft: HI Marburg 244Z/01 $2Trx $#arvustused $#recenzijos $#Reviews $#recenziók $#recenzje $#recenzie $#recenze $8--Trx--Rezensionen $x01 $9391357441 247C/01 $82080>Marburg/Lahn, Herder-Institut, Forschungsbibliothek, Bibliographieportal $9336309341
| LEADER | 00000caa a22000002c 4500 | ||
|---|---|---|---|
| 001 | 394934903 | ||
| 003 | DE-603 | ||
| 005 | 20170601181135.0 | ||
| 007 | tu | ||
| 008 | 161112s2010 xx |||| | u00||u|ger c | ||
| 035 | |a (DE-599)HEB394934903 | ||
| 040 | |a DE-603 |b ger |c DE-603 |d DE-603 | ||
| 041 | |a ger | ||
| 084 | |a 8,1 |a 9,10 |2 ssgn | ||
| 100 | 1 | |a Welzel, Johanna | |
| 245 | 0 | 0 | |a Glashüttenlandschaft Europa. - Regensburg : Schnell + Steiner. - 2008 [Rezension] |
| 264 | 0 | |c 2010 | |
| 773 | 0 | 8 | |i In |t Frankenland |d Würzburg : Frankenbund, 1914- |h 24 cm |x 0015-9905 |g Band 62, Heft 2 (2010), Seite 140-141 |w (DE-603)047701935 |w (DE-600)507506-3 |
| 787 | 0 | 8 | |i Rezension von |t Glashüttenlandschaft Europa |b 1. Aufl. |d Regensburg : Schnell + Steiner, 2008 |h 211 S., Ill., graph. Darst., Kt. |z 9783795420741 |z 3795420741 |w (DE-603)202673014 |
| 924 | 0 | |9 2080 |a (DE-603)791233480 |b DE-2080 |c HES |d d |g / | |


